Statistics for The 13 countries with destroyers

Click here to take the quiz!

General Stats

  • This quiz has been taken 1,433 times
    (703 since last reset)
  • The average score is 12 of 13

Answer Stats

ContinentAmount of DestroyersCountry% Correct
N America62United States
100%
Asia32China
99%
Eurasia15Russia
99%
N America1Canada
97%
Europe11France
97%
Asia43Japan
97%
Europe6United Kingdom
96%
Asia10India
95%
N America2Mexico
95%
Europe4Italy
92%
S America4Argentina
91%
Asia12South Korea
90%
Asia4Taiwan
70%

Score Distribution

Percentile by Number Answered

Percent of People with Each Score

Your Score History

You have not taken this quiz since the last reset